| 000 | 00654nam a2200193 a 4500 | ||
|---|---|---|---|
| 005 | 20210223125034.0 | ||
| 008 | 030630s2000 mx r 000 0 spa d | ||
| 020 | _a8489672393 | ||
| 035 | _aUPN01000127022 | ||
| 049 | _aC | ||
| 050 | 4 |
_aGV567 _bM6.2 |
|
| 100 | 1 | _aMorales del Moral, Antonio | |
| 245 | 1 | 0 |
_aDiccionario temático de los deportes : _bmanual de términos en la actividad física y el deporte / _cAntonio Morales del Moral, Manuel Guzmán Ordóñez. |
| 260 |
_aMálaga, Esp. : _bArguval, _c2000. |
||
| 300 |
_a604 p. : _bil. |
||
| 650 | 4 |
_aDEPORTES - _vDICCIONARIOS _912176 |
|
| 700 | 1 |
_aGuzmán Ordóñez, Manuel, _ecoaut. |
|
| 905 | _aLibro | ||
| 999 |
_c99201 _d99201 |
||